| 000 | 00403cam a22001337a 4500 | ||
|---|---|---|---|
| 008 | 180718b1995 xxu||||| |||| 00| 0 eng d | ||
| 082 | _aT19x73 K127 | ||
| 100 | _aKalra, Paul | ||
| 245 |
_aThe American class system _cby Paul Kalra |
||
| 260 |
_aPeasant Hill _bAntenna _c1995 |
||
| 300 | _a348p. | ||
| 650 | _aUnited States - Political and sociological aspects | ||
| 650 | _aEconomic Policy - United States | ||
| 999 |
_c481824 _d481824 |
||